LEADER 01012nam a2200265 i 4500 001 991000119119707536 005 20020503114317.0 008 000601s1990 it ||| | ||| 020 $a8870752151 035 $ab10032472-39ule_inst 035 $aocm00001119$9ExL 040 $aDip.to Beni Culturali$bita 082 04$a022.9 100 1 $aPellicioli, Ivana$07320 245 13$aLa segnaletica per la biblioteca /$cIvana Pelliccioli 260 $aMilano :$bBibliografica,$c1990 300 $a88 p. :$bill. ;$c25 cm. 650 4$aBiblioteche$xServizi$xSegnaletica 907 $a.b10032472$b05-11-12$c31-05-02 912 $a991000119119707536 945 $aLE001$g1$i2001000008476$lle001$o-$pE0.00$q-$rl$s- $t0$u0$v0$w0$x0$y.i10035813$z31-05-02 945 $aLE023 022.9 PEL 1 1 Uff. Bibl.$g1$i2023000159156$lle023$o-$pE0.00$q-$rn$so $t0$u0$v0$w0$x0$y.i1216611x$z05-03-03 996 $aSegnaletica per la biblioteca$9177832 997 $aUNISALENTO 998 $ale001$ale023$b01-01-00$cm$da $e-$fita$git $h3$i1 LEADER 01157nam0 22002891i 450 001 UON00213123 005 20231205103342.922 010 $a88-7686-144-0 100 $a20030730d1989 |0itac50 ba 101 $aita 102 $aIT 105 $a|||| ||||| 200 1 $aAngelo Ingegneri$edella poesia rappresentativa e del modo di rappresentare lefavole sceniche$fa cura di Maria Luisa Doglio 210 $aModena$cEdizioni Panini$d1989(stampa) 215 $aXXXIX, 53 p.$d24 cm. 410 1$1001UON00174801$12001 $a Testi$1210 $aFerrara$cIstituto di Studi Rinascimentali. 606 $aINGEGNERI ANGELO$3UONC044707$2FI 620 $dModena$3UONL000425 676 $a850.4$cLetteratura italiana. 1542-1585$v21 702 1$aDOGLIO$bMaria Luisa$3UONV098821 712 $aPanini$3UONV259556$4650 801 $aIT$bSOL$c20240220$gRICA 899 $aSIBA - SISTEMA BIBLIOTECARIO DI ATENEO$2UONSI 912 $aUON00213123 950 $aSIBA - SISTEMA BIBLIOTECARIO DI ATENEO$dSI ITA Ling 0204 $eSI LO 63764 5 0204 996 $aAngelo Ingegneri$91263058 997 $aUNIOR LEADER 00989nam a2200241 i 4500 001 991004313033407536 005 20250709160315.0 008 240321s1928 it af er 001 0 ita d 040 $aBibl. Interfacoltà T. Pellegrino$bita$cSocioculturale Scs 041 0 $aita 082 04$a649.123$223 100 1 $aFrontali, Gino$083126 245 12$aL'alimentazione del bambino :$blezioni dettate per i Corsi di Puericoltura ai Medici, sotto gli auspici dell'Opera Nazionale per la protezione della Maternità e Infanzia /$cGino Frontali ; prefazione del prof. Carlo Comba ; introduzione del prof. Francesco Valagussa 260 $aRoma :$bLuigi Pozzi,$c1928 300 $aXVI, 248 p., 1 carta di tav. :$bill. ;$c25 cm 490 1 $aManuali del Policlinico ;$v30 650 0$aPuericultura 700 1 $aComba, Carlo 700 1 $aValagussa, Francesco 830 0$aManuali del Policlinico ;$v30 912 $a991004313033407536 996 $aAlimentazione del bambino$94133141 997 $aUNISALENTO